000 00648nam a2200241 i 4500
001 C2-0302497
003 PPAK
005 20180728083508.0
008 100127s2007 nyua|||| ||||| | eng d
020 _a9780316154284
040 _aPPAK
_beng
_cPPAK
_erda
082 0 4 _a823
_223
090 0 0 _a823
_bHOF
_dLCK
100 1 _aHoffman, Alice,
_eauthor
245 1 0 _aIncantation
264 1 _aNew York :
_bLittle Brown and Company ,
_c2007
300 _a166 pages :
_billustrations ;
_c20 cm
336 _2rdacontent
_atext
337 _2rdamedia
_aunmediated
338 _2rdacarrier
_avolume
650 1 0 _aPrejudies- Fiction
942 _ddc
_cB
999 _c106080
_d106080